00428nam a2200133Ia 45000010005000000080041000050820022000461000075000682450078001432600024002215900007002459010027002529990015002791376241024s9999 xx 000 0 und d aRD/352/R426o/6-99 aRepública Dominicana.Secretaría de Estado de Educación y Cultura 0aOrdenanza No. 6'99 que establece el currículo de formación de maestro bSanto Domingoc1999 asi a29/3/2011 2:25:49 p.m. c9429d9429